| 000 | 00622nam a22002297a 4500 | ||
|---|---|---|---|
| 999 |
_c6338 _d6338 |
||
| 001 | 2182 | ||
| 003 | BD-DhUAP | ||
| 005 | 20201229164250.0 | ||
| 008 | 200121s1997 nyu 001 0 eng d | ||
| 020 | _a0078823110 | ||
| 040 |
_aDLC _cDLC _dDLC _dBD-DhAAL |
||
| 082 | 0 | 0 |
_a005.133 SCH _223 |
| 100 | 1 | _aSchildt, Herbert. | |
| 245 | 1 | 0 |
_aTeach yourself C / _cHerbert Schildt. |
| 250 | _a3rd ed. | ||
| 260 |
_aNew York : _bMcGraw-Hill, _cc1997. |
||
| 300 |
_axiii, 640 pages ; _c24 cm. |
||
| 500 | _aIncludes index. | ||
| 650 | 0 | _aC++ (Computer program language). | |
| 942 |
_2ddc _cBK |
||